| 000 | 00797cab a2200241 4500 | ||
|---|---|---|---|
| 001 | WB3418-30 | ||
| 008 | 090401t1998 xxu||||| |||| 00| 0 eng d | ||
| 035 | _a(Sirsi) u86233 | ||
| 041 | _aeng | ||
| 245 | _aLand management | ||
| 260 | _c1998 | ||
| 350 | _a0 | ||
| 490 |
_aRICS Press Release _v12 May 1998 (3) |
||
| 520 | _aThe RICS in Scotland has submitted a response to the Land Policy Reform Group`s paper "Land Reform: Identifying the Problems", emphasising the importance of good land management in achieving significant results for rural development. | ||
| 650 | _aLAND MANAGEMENT | ||
| 650 | _aLAND REFORM | ||
| 650 | _aLANDOWNERS | ||
| 650 | _aABOUT RICS-RICS WORLDWIDE-RICS SCOTLAND | ||
| 650 | _aRURAL DEVELOPMENT | ||
| 690 | _aLAND | ||
| 942 | _n0 | ||
| 948 | _c15/05/1998 | ||
| 999 |
_c54248 _d54248 |
||